Mukaddime'den Muahhire'ye (Record no. 13034)

MARC details
000 -BAŞLIK
Sabit Uzunlukta Kontrol Alanı 01171na a2200301 4500
999 ## - SİSTEM KONTROL NUMARALARI (KOHA)
Koha Biblionumber 13034
Koha Biblioitemnumber 13034
001 - KONTROL NUMARASI
Denetim Alanı 23327
003 - KONTROL NUMARASI IDENTIFIER
Denetim Alanı MIRAKIL
005 - SON İŞLEM TARİHİ VE ZAMANI
Denetim Alanı 20190325115509.0
008 - SABİT-BOY VERİ ELEMANLARI - GENEL BİLGİLER
Sabit Uzunlukta Kontrol Alanı 181023b tu 000 0
020 ## - ULUSLARARASI STANDART KİTAP NUMARASI
Uluslararası Standart Kitap Numarası 9786055506780
040 ## - KATALOGLAMA KAYNAK
Orijinal Kataloglama Ajansı Milas
Kataloglama Dili tur
Metne Dönüştürmek Ajansı TR-AnCHP
041 ## - DİL KODU
Metin / Ses Parça Veya Ayrı Başlığın Dil Kodu tur
082 ## - DEWEY ONLU SINIFLANDIRMA NUMARASI
Sınıflandırma Numarası 320.5409561
Ürün Numarası K66m 2012
090 ## - SINIFLAMA NUMARASI
Sınıflama Numarası 320.5409561 K66m 2012
100 ## - ANA GİRİŞ - KİŞİSEL İSİM
Kişisel Ad Korkusuz, Mehmet Hişyar
245 ## - BAŞLIK TABLOSU
Başlık Mukaddime'den Muahhire'ye
Başlığın Kalan Modern dünyanın, ulus-devlet'in, Din'in ve miliyetçiliklerin ekonomi, kültür ve siyaset atlası
Sorumluluk Tablosu, Vb Mehmet Hişyar Korkusuz
246 ## - UNVAN FORM VARYING
Başlık Doğru / Kısa Başlığı Modern dünyanın, ulus-devlet'in, Din'in ve miliyetçiliklerin ekonomi, kültür ve siyaset atlası
260 ## - YAYIN, DAĞITIM, VB
Yayın, Dağıtım, Vb Yeri İstanbul
Yayıncı, Dağıtıcı, Vs Adı Bilge kültür sanat yayınları
Yayın, Dağıtım, Vb Tarihi 2012
Üretici Firma Şekil Ofset
300 ## - FİZİKSEL TANIM
Kapsam 816 s.
Boyutlar 21 sm.
440 ## - SERİSİ TABLOSU / KATMA GİRİŞİ - BAŞLIK
Başlık Yayın No
Hacim / Ardışık Tanımı 478
504 ## - KAYNAKÇA VB NOT
Kaynakça Vb Notu Kaynakça ve dizin var.
650 ## - KONU KATMA GİRİŞ - TOPİKAL DÖNEM
Topikal Süreli Veya Coğrafi Ad Giriş Elemanı Siyaset ve yönetim
Genel Alt Bölümü Türkiye
Kronolojik Alt Bölümü Tarih
650 ## - KONU KATMA GİRİŞ - TOPİKAL DÖNEM
Topikal Süreli Veya Coğrafi Ad Giriş Elemanı Milliyetçilik
Genel Alt Bölümü Osmanlı İmparatorluğu
650 ## - KONU KATMA GİRİŞ - TOPİKAL DÖNEM
Topikal Süreli Veya Coğrafi Ad Giriş Elemanı Milliyetçilik
Genel Alt Bölümü Türkiye
Kronolojik Alt Bölümü Tarih
740 ## - KATMA GİRİŞ - KONTROLSUZ İLGİLİ / ANALİTİK BAŞLIK
Kontrol Edilmeyen / İlgili Analitik Başlıktaki Modern dünyanın, ulus-devlet'in, Din'in ve miliyetçiliklerin ekonomi, kültür ve siyaset atlası
942 ## - EKLENDİ GİRİŞ ELEMANLARI (KOHA)
Koha Öğesi Türü Books
Sınıflandırma Veya Raf Düzeni Kaynak Dewey Decimal Classification
999 ## - SİSTEM KONTROL NUMARALARI (KOHA)
Koha Biblioitemnumber 10835
Holdings
Kalıcı Konum Mevcut Konum Edinme Tarihi Toplam Check-Out'Lar Tam Çağrı Numarası Barkod Tarih Son Görülme İtibaren Geçerli Fiyatlar Koha Öğesi Türü
Parti Okulu Kütüphanesi Parti Okulu Kütüphanesi 03/25/2019   320.5409561 K66m 2012 P00420 03/25/2019 03/25/2019 Books